[Event "Belarus-ch Women 2022"]
[Site "Minsk"]
[Date "2022.01.17"]
[Round "7.5"]
[White "Liashkevich, Lizaveta"]
[Black "Bendik, Margarita"]
[Result "1-0"]
[WhiteElo "1569"]
[BlackElo "1388"]
[Annotator "NA RC"]
[PlyCount "67"]
[EventDate "2022.01.11"]
[EventType "tourn"]
[EventCountry "BLR"]
[SourceTitle "playchess.com"]
[Source "ChessBase"]
[SourceQuality "1"]
[TimeControl "40/5400+30:1800+30"]

1. d4 {[%emt 0:00:02]} b5 {[%emt 0:00:03]} 2. a4 {[%emt 0:14:13]} b4 {[%emt 0:00:17]} 3. c4 {[%emt 0:01:02]} Bb7 {[%emt 0:02:03]} 4. Nd2 {[%emt 0:07:51]} Nf6 {[%emt 0:00:47]} 5. Qc2 {[%emt 0:03:10]} e6 {[%emt 0:03:42]} 6. e4 {[%emt 0:00:20]} d5 {[%emt 0:02:22]} 7. e5 {[%emt 0:10:15]} Nfd7 {[%emt 0:03:13]} 8. c5 {[%emt 0:03:37]} Nc6 {[%emt 0:02:36]} 9. Nb3 {[%emt 0:04:37]} a5 {[%emt 0:01:38]} 10. Bd3 {[%emt 0:01:56]} h6 {[%emt 0:02:14]} 11. f4 {[%emt 0:05:06]} Be7 {[%emt 0:05:53]} 12. Nf3 {[%emt 0:04:20]} Qc8 {[%emt 0:07:24]} 13. Qf2 {[%emt 0:06:39]} Ba6 {[%emt 0:01:41]} 14. Bc2 {[%emt 0:01:00]} Bc4 {[%emt 0:04:41]} 15. Nbd2 {[%emt 0:01:11]} Qa6 {[%emt 0:03:32]} 16. Qe3 {[%emt 0:01:22]} b3 {[%emt 0:15:11]} 17. Nxb3 {[%emt 0:06:17]} Nb4 {[%emt 0:05:42]} 18. Bb1 {[%emt 0:00:42]} Rb8 {[%emt 0:07:30]} 19. Nbd2 {[%emt 0:02:11]} Bd3 {[%emt 0:00:39]} 20. Kf2 {[%emt 0:01:04]} Bxb1 {[%emt 0:00:42]} 21. Rxb1 {[%emt 0:00:11]} Nd3+ {[%emt 0:00:17]} 22. Kg3 {[%emt 0:00:22]} Rb4 {[%emt 0:05:30]} 23. b3 {[%emt 0:03:02]} g5 {[%emt 0:06:46]} 24. fxg5 {[%emt 0:00:43]} hxg5 {[%emt 0:01:50]} 25. Ba3 {[%emt 0:05:27]} g4 {[%emt 0:03:56]} 26. Bxb4 {[%emt 0:01:56]} gxf3 {[%emt 0:00:12]} 27. Bc3 {[%emt 0:03:33]} fxg2 {[%emt 0:07:52]} 28. Kxg2 {[%emt 0:01:41]} Nf8 {[%emt 0:03:21]} 29. Rhf1 {[%emt 0:01:49]} Ng6 {[%emt 0:01:20]} 30. Kh1 {[%emt 0:01:07]} Rh5 {[%emt 0:01:56]} 31. Rf3 {[%emt 0:00:55]} Bg5 {[%emt 0:00:30]} 32. Qxd3 {[%emt 0:01:13]} Qc8 {[%emt 0:00:39]} 33. Rbf1 {[%emt 0:00:19]} Rh7 {[%emt 0:00:30]} 34. Rxf7 {[%emt 0:00:37]} 1-0

[Event "Belarus-ch Women 2022"]
[Site "Minsk"]
[Date "2022.01.18"]
[Round "8.1"]
[White "Sidorenja, Milena"]
[Black "Bendik, Margarita"]
[Result "1/2-1/2"]
[WhiteElo "1510"]
[BlackElo "1388"]
[Annotator "NA RC"]
[PlyCount "126"]
[EventDate "2022.01.11"]
[EventType "tourn"]
[EventCountry "BLR"]
[SourceTitle "playchess.com"]
[Source "ChessBase"]
[SourceQuality "1"]
[TimeControl "40/5400+30:1800+30"]

1. d4 {[%emt 0:00:02]} Nf6 {[%emt 0:00:09]} 2. Nf3 {[%emt 0:00:14]} g6 {[%emt 0:00:04]} 3. Bf4 {[%emt 0:00:14]} Bg7 {[%emt 0:00:10]} 4. e3 {[%emt 0:00:14]} O-O {[%emt 0:00:10]} 5. c3 {[%emt 0:00:17]} d6 {[%emt 0:00:04]} 6. h3 {[%emt 0:00:24]} b6 {[%emt 0:00:08]} 7. Bc4 {[%emt 0:00:54]} Bb7 {[%emt 0:00:07]} 8. O-O {[%emt 0:00:17]} Nbd7 {[%emt 0:00:20]} 9. Nbd2 {[%emt 0:00:14]} Qe8 {[%emt 0:05:43]} 10. Bh2 {[%emt 0:00:21]} e5 {[%emt 0:00:25]} 11. a4 {[%emt 0:03:05]} a6 {[%emt 0:02:30]} 12. b4 {[%emt 0:00:24]} Qe7 {[%emt 0:00:28]} 13. Qb3 {[%emt 0:02:06]} e4 {[%emt 0:02:26]} 14. Ne1 {[%emt 0:00:11]} Kh8 {[%emt 0:01:53]} 15. Nc2 {[%emt 0:04:09]} Nh5 {[%emt 0:06:17]} 16. Be2 {[%emt 0:03:15]} Qg5 {[%emt 0:01:54]} 17. c4 {[%emt 0:17:32]} f5 {[%emt 0:01:14]} 18. c5 {[%emt 0:00:20]} f4 {[%emt 0:11:49]} 19. Bxh5 {[%emt 0:03:06]} Qxh5 {[%emt 0:08:29]} 20. cxd6 {[%emt 0:07:36]} f3 {[%emt 0:05:14]} 21. Qe6 {[%emt 0:11:22]} Nf6 {[%emt 0:10:05]} 22. Qe5 {[%emt 0:00:58]} g5 {[%emt 0:01:36]} 23. dxc7 {[%emt 0:13:15]} Rae8 {[%emt 0:08:50]} 24. Qg3 {[%emt 0:00:26]} Nd5 {[%emt 0:00:58]} 25. gxf3 {[%emt 0:12:10]} exf3 {[%emt 0:01:26]} 26. Nc4 {[%emt 0:01:56]} Bc8 {[%emt 0:03:24]} 27. Nd6 {[%emt 0:00:12]} Bxh3 {[%emt 0:01:59]} 28. Nxe8 {[%emt 0:00:06]} Nc3 {[%emt 0:00:29]} 29. Rfe1 {[%emt 0:01:03]} Rxe8 {[%emt 0:01:39]} 30. e4 {[%emt 0:01:21]} Rf8 {[%emt 0:13:38]} 31. e5 {[%emt 0:13:44]} Be6 {[%emt 0:04:24]} 32. Rac1 {[%emt 0:01:56]} Rc8 {[%emt 0:03:24]} 33. d5 {[%emt 0:01:52]} Nxd5 {[%emt 0:01:47]} 34. Nd4 {[%emt 0:00:03]} Nf4 {[%emt 0:01:42]} 35. Nxe6 {[%emt 0:00:12]} Nxe6 {[%emt 0:00:20]} 36. Red1 {[%emt 0:01:13]} Nf4 {[%emt 0:01:46]} 37. Rd8+ {[%emt 0:00:41]} Bf8 {[%emt 0:00:04]} 38. Re1 {[%emt 0:00:29]} Ne2+ {[%emt 0:01:24]} 39. Rxe2 {[%emt 0:00:12]} fxe2 {[%emt 0:00:04]} 40. Qc3 {[%emt 0:00:00]} Qg4+ {[%emt 0:00:00]} 41. Bg3 {[%emt 0:01:21]} Kg8 {[%emt 0:11:21]} 42. Rxc8 {[%emt 0:01:14]} Qxc8 {[%emt 0:00:07]} 43. f3 {[%emt 0:01:15]} a5 {[%emt 0:10:36]} 44. bxa5 {[%emt 0:00:28]} Qh3 {[%emt 0:02:09]} 45. Kf2 {[%emt 0:10:53]} Qf1+ {[%emt 0:05:58]} 46. Ke3 {[%emt 0:00:14]} Bc5+ {[%emt 0:00:43]} 47. Ke4 {[%emt 0:00:16]} e1=Q+ {[%emt 0:03:59]} 48. Bxe1 {[%emt 0:00:40]} Qa6 {[%emt 0:00:20]} 49. Qb3+ {[%emt 0:00:16]} Kg7 {[%emt 0:00:11]} 50. Qd3 {[%emt 0:01:40]} Qb7+ {[%emt 0:00:44]} 51. Qd5 {[%emt 0:00:07]} Qxc7 {[%emt 0:00:09]} 52. a6 {[%emt 0:00:20]} Kg6 {[%emt 0:00:59]} 53. Bd2 {[%emt 0:06:38]} Qc8 {[%emt 0:00:18]} 54. e6 {[%emt 0:00:42]} h6 {[%emt 0:00:51]} 55. a7 {[%emt 0:01:11]} Qa6 {[%emt 0:00:18]} 56. Qf5+ {[%emt 0:00:59]} Kh5 {[%emt 0:00:29]} 57. Qf7+ {[%emt 0:03:52]} Kh4 {[%emt 0:00:05]} 58. Kd5 {[%emt 0:08:26]} Qd3+ {[%emt 0:00:39]} 59. Kc6 {[%emt 0:00:22]} Qd6+ {[%emt 0:00:08]} 60. Kb7 {[%emt 0:00:32]} Qd5+ {[%emt 0:00:16]} 61. Kb8 {[%emt 0:00:46]} Qd8+ {[%emt 0:01:31]} 62. Kb7 {[%emt 0:00:14]} Qd5+ {[%emt 0:00:05]} 63. Kb8 {[%emt 0:00:45]} Qd8+ {[%emt 0:00:25]} 1/2-1/2

[Event "Belarus-ch Women 2022"]
[Site "Minsk"]
[Date "2022.01.18"]
[Round "8.2"]
[White "Ajusheva, Renata"]
[Black "Liashkevich, Lizaveta"]
[Result "1/2-1/2"]
[WhiteElo "1464"]
[BlackElo "1569"]
[Annotator "NA RC"]
[PlyCount "73"]
[EventDate "2022.01.11"]
[EventType "tourn"]
[EventCountry "BLR"]
[SourceTitle "playchess.com"]
[Source "ChessBase"]
[SourceQuality "1"]
[TimeControl "40/5400+30:1800+30"]

1. c4 {[%emt 0:00:57]} e6 {[%emt 0:00:17]} 2. Nf3 {[%emt 0:00:18]} d5 {[%emt 0:00:20]} 3. e3 {[%emt 0:00:08]} Nf6 {[%emt 0:01:31]} 4. b3 {[%emt 0:01:47]} c5 {[%emt 0:02:30]} 5. Bb2 {[%emt 0:01:24]} Be7 {[%emt 0:01:22]} 6. Nc3 {[%emt 0:03:40]} O-O {[%emt 0:01:38]} 7. cxd5 {[%emt 0:07:33]} Nxd5 {[%emt 0:11:28]} 8. Nxd5 {[%emt 0:01:00]} Qxd5 {[%emt 0:04:44]} 9. Bc4 {[%emt 0:06:33]} Qd8 {[%emt 0:02:04]} 10. O-O {[%emt 0:00:15]} Nc6 {[%emt 0:09:35]} 11. Rc1 {[%emt 0:05:23]} b6 {[%emt 0:09:47]} 12. Qc2 {[%emt 0:03:16]} Bb7 {[%emt 0:02:43]} 13. Be2 {[%emt 0:00:12]} Rc8 {[%emt 0:00:39]} 14. Qb1 {[%emt 0:00:07]} Bf6 {[%emt 0:03:25]} 15. Rfd1 {[%emt 0:04:44]} Bxb2 {[%emt 0:10:21]} 16. Qxb2 {[%emt 0:00:18]} Qe7 {[%emt 0:00:14]} 17. d4 {[%emt 0:00:28]} Qf6 {[%emt 0:02:56]} 18. Qb1 {[%emt 0:06:27]} cxd4 {[%emt 0:01:14]} 19. Nxd4 {[%emt 0:00:24]} Nxd4 {[%emt 0:01:02]} 20. Rxd4 {[%emt 0:00:08]} Qg5 {[%emt 0:04:20]} 21. Rg4 {[%emt 0:02:47]} Qa5 {[%emt 0:14:22]} 22. Rgc4 {[%emt 0:04:42]} Qg5 {[%emt 0:03:42]} 23. Bf1 {[%emt 0:03:06]} Rxc4 {[%emt 0:01:38]} 24. Rxc4 {[%emt 0:00:07]} Ba6 {[%emt 0:01:50]} 25. Ra4 {[%emt 0:03:06]} Bxf1 {[%emt 0:00:20]} 26. Qxf1 {[%emt 0:00:03]} a5 {[%emt 0:00:52]} 27. Rc4 {[%emt 0:00:11]} Rd8 {[%emt 0:01:43]} 28. Qc1 {[%emt 0:00:11]} h6 {[%emt 0:01:46]} 29. Rc8 {[%emt 0:03:30]} Qd5 {[%emt 0:01:44]} 30. Rxd8+ {[%emt 0:00:35]} Qxd8 {[%emt 0:00:05]} 31. g3 {[%emt 0:00:11]} Qd6 {[%emt 0:01:07]} 32. Qc8+ {[%emt 0:01:18]} Kh7 {[%emt 0:00:17]} 33. Qc2+ {[%emt 0:00:18]} Kg8 {[%emt 0:00:06]} 34. a4 {[%emt 0:00:16]} Kh8 {[%emt 0:00:57]} 35. Qc4 {[%emt 0:01:05]} Kg8 {[%emt 0:01:06]} 36. e4 {[%emt 0:00:09]} Kh8 {[%emt 0:01:46]} 37. Qc8+ {[%emt 0:01:58]} 1/2-1/2

[Event "Belarus-ch Women 2022"]
[Site "Minsk"]
[Date "2022.01.18"]
[Round "8.3"]
[White "Zeliantsova, Kseniya"]
[Black "Shaban, Aliaksandra"]
[Result "1-0"]
[WhiteElo "1988"]
[BlackElo "1680"]
[Annotator "TA"]
[PlyCount "135"]
[EventDate "2022.01.11"]
[EventType "tourn"]
[EventCountry "BLR"]
[SourceTitle "playchess.com"]
[Source "ChessBase"]
[SourceQuality "1"]

{[%evp 18,135,47,26,43,-13,0,-12,0,0,36,-43,0,-7,-2,-3,55,23,39,53,75,74,57,27,34,32,32,0,0,0,9,2,16,0,44,36,42,34,42,0,0,0,0,-12,0,0,0,0,0,0,0,0,14,12,47,33,31,13,22,16,70,50,143,122,165,176,175,169,175,153,148,153,170,113,97,72,224,218,193,2,88,88,245,243,232,234,274,159,161,158,152,8,35,0,0,0,62,63,62,0,58,45,5941,604,29958,5422,29964,29968,29968,29970,29971,29973,29982,29983,29983,29983,29985,29986,29987,29982]} 1. e4 c6 2. d4 d5 3. Nd2 dxe4 4. Nxe4 Nf6 5. Nxf6+ exf6 6. c3 Bd6 7. Bd3 O-O 8. Qc2 Re8+ 9. Ne2 h6 10. Be3 Be6 {B15: Caro-Kann: 3 Nc3: 3...g6 and 3...dxe4 4 Nxe4 Nf6 5 Nxf6+ exf6.} 11. O-O-O (11. O-O $14) 11... Nd7 12. Kb1 Nf8 {The position is equal.} 13. c4 a6 {[#]} 14. g4 $146 ({White should try} 14. Nc3 $14) ({Predecessor:} 14. Nc3 Bg4 15. Rd2 Bh5 16. Ka1 Bb4 17. a3 Qa5 {1-0 (17) Smirin,I (2671)-Lechtynsky,J (2480) Czech Republic 2004}) 14... b5 (14... Bxg4 {seems wilder.} 15. Bxh6 Ng6 16. Be3 Nh4 17. Rhg1 f5) 15. h4 bxc4 16. Bxc4 Bc7 (16... Bxc4 $11 17. Qxc4 Qd7) 17. Rdg1 (17. g5 {looks sharper.} fxg5 18. hxg5 hxg5 19. Bd3 Bd5 20. Rh5) 17... Bxc4 (17... Qd7 {feels hotter.} 18. g5 hxg5 19. hxg5 f5 20. Rc1 Rac8) 18. Qxc4 Qd5 19. Qxd5 cxd5 20. g5 hxg5 21. hxg5 f5 22. Rc1 Ne6 23. Rc6 f4 24. Bc1 Ra7 25. Rd1 Nxg5 (25... Nd8 $11 26. Rc2 Ne6) 26. Nxf4 $14 Bxf4 27. Bxf4 Ne6 28. Be5 (28. Be3 $14 {was preferrable.}) 28... f6 $11 29. Bg3 Kf7 30. b3 Ree7 31. Kb2 Ng5 32. Rc2 {Prevents Re2.} Re4 33. f4 Ne6 34. f5 Nf4 (34... Nxd4 $2 35. Rxd4 $1 {[%mdl 512]} Rxd4 36. Bf2 $18) 35. Rdd2 g6 36. fxg6+ Nxg6 37. Rf2 Rae7 38. Bd6 Rd7 (38... R7e6 $1 $11 39. Rc7+ Ke8) 39. Bc7 Ne7 (39... Re6 $14) 40. Be5 $1 $16 f5 (40... Ng8 $16) 41. Rh2 $18 Rg4 42. Rh7+ Ke8 43. b4 Rg6 44. Re2 {White is much more active.} Rb7 45. a3 (45. Ka3 $1 $18) 45... a5 $16 46. Bf4 axb4 $2 (46... Kf8 $16) 47. a4 $18 Ra7 48. Bh6 $2 (48. Bd2 $18 Rg4 49. Bxb4) 48... Rg8 (48... Kd8 $11) 49. Bg7 $16 Kf7 {To avoid Bf6+} (49... Rxa4 $2 50. Bf6 Ra7 51. Bxe7 $18) (49... Ra6 $16 {was called for.}) 50. Be5+ $18 Kg6 51. Reh2 f4 52. Bxf4 (52. R2h6+ $18 Kg5 53. Bf6+ Kg4 54. Bxe7 (54. Rxe7 Rxe7 55. Bxe7 f3 $16)) 52... Kf5 $16 {[#]} 53. Rf2 {aiming for Bb8+.} Ke4 {[#]} 54. Rh3 (54. Rh1 $1 $16 {[%cal Rh1e1] Hoping for Re1+.} Nf5 55. Re1+ Kxd4 56. Be5+ Kc4 57. Rc1+ (57. Rxf5 Rg2+ 58. Kb1 Kb3 $16) 57... Kd3 58. Rxf5 Rxa4 59. Bf6) 54... Nf5 (54... Ng6 $5 {[%cal Rg6f4]} 55. Bd6 Rxa4 $11) 55. Bd2 {[%csl Gd2][%cal Rf2f4]} Rg4 {To avoid Rf4+} 56. Rhf3 Ng3 (56... Nh4 $2 57. Rf4+ Rxf4 58. Rxf4+ Kd3 59. Rxh4 $18) ({Better is} 56... Nd6 $11 57. Bxb4 Nc4+ 58. Kc3 Rxa4) 57. Kb3 $14 {Rf4+ is the strong threat.} ({Much worse is} 57. Bxb4 Rxa4 58. Bc3 Ne2 $11) 57... Rc7 58. Bxb4 (58. a5 $14) 58... Kxd4 (58... Ne2 $11 59. Ka3 Nxd4 60. Rf4+ Rxf4 61. Rxf4+ Kxf4 62. Bd6+ Kf5 63. Bxc7 Nc6) 59. Rg2 Ke4 $2 {[%mdl 8192]} 60. Rgxg3 (60. Rfxg3 $142 Rxg3+ 61. Rxg3) 60... Rxg3 61. Rxg3 $18 {White wants to mate with a5. KRB-KR} d4 62. a5 {[%cal Ba4a5,Ba5a6,Ba6a7][%mdl 32] White mates.} d3 63. a6 Rc6 64. a7 Ra6 65. Rg7 Ke3 66. Rd7 Ke2 67. Kc4 Ra2 68. Re7+ {Weighted Error Value: White=0.41/Black=0.36} 1-0

[Event "Belarus-ch Women 2022"]
[Site "Minsk"]
[Date "2022.01.18"]
[Round "8.4"]
[White "Norman, Kseniya"]
[Black "Poliakova, Varvara"]
[Result "1/2-1/2"]
[WhiteElo "1810"]
[BlackElo "2116"]
[Annotator "TA"]
[PlyCount "83"]
[EventDate "2022.01.11"]
[EventType "tourn"]
[EventCountry "BLR"]
[SourceTitle "playchess.com"]
[Source "ChessBase"]
[SourceQuality "1"]

{[%evp 9,83,0,6,7,4,0,-2,-22,-20,-56,-54,-52,-10,-21,15,-25,-16,-18,0,-13,0,-20,-13,-10,-8,-14,29,0,7,0,34,12,11,0,36,-7,-8,-45,-37,-74,-71,-66,-65,-54,0,-2,0,0,0,-8,7,0,10,4,42,0,6,7,48,26,48,31,64,0,0,0,0,0,0,0,0,0,0,0,0,0]} 1. e4 c5 2. Nf3 e6 3. c4 Nc6 4. Nc3 Nd4 5. Be2 d6 6. O-O {B40: Sicilian: 2...e6, Unusual lines.} Ne7 7. d3 Nec6 8. Be3 Be7 {[%cal Bf8e7,Be7f6,Bf6d4][%mdl 32] [#]} 9. Nd2 $146 ({Predecessor:} 9. Qd2 O-O 10. Ne1 a6 11. f4 b5 12. Bf3 Rb8 13. g4 b4 14. Ne2 Nxf3+ 15. Nxf3 {½-½ (51) Groleau,G (1990)-Arsenault,M (1878) Hull 1999}) 9... Bf6 10. f4 Nxe2+ (10... a6 $15) 11. Qxe2 $11 {[%cal Oe4e5]} Nd4 12. Bxd4 Bxd4+ 13. Kh1 Bd7 14. Nb3 Qb6 15. e5 Bxc3 16. bxc3 {[%cal Of4f5]} O-O 17. Rf3 f5 (17... Qc7 $142) 18. d4 cxd4 19. cxd4 a5 20. exd6 Qxd6 21. Rd1 Ba4 (21... Be8 {is more complex.} 22. Rg3 Bf7 23. Qf3 b6 24. c5 Qd5) 22. Qe5 (22. Re3 $14) 22... Qxe5 23. fxe5 Rac8 24. Rc1 b6 {Inhibits Nc5.} 25. Rd3 Rfd8 $1 26. Kg1 Rc7 (26... Be8 $15) 27. Kf2 Rdc8 28. Nd2 Bb5 {[%cal Rb5c4]} 29. Rdc3 Ba6 30. a4 Bb7 31. Rb1 Ba6 (31... Rd8 $5 {[%cal Rd8d4]}) 32. Rbc1 Bb7 33. g3 Bc6 (33... Rd7 $11 {deserves consideration.}) 34. Rb1 $14 Bd5 35. Ke3 Kf7 36. Rxb6 (36. Kd3 $14) 36... Bxc4 $11 {The position is equal.} 37. Nxc4 Rxc4 38. Rxc4 Rxc4 $14 {KR-KR} 39. Rb7+ Kf8 $1 40. Rb8+ Kf7 41. Rb7+ Kf8 $1 42. Rb8+ {Weighted Error Value: White=0.13 (very precise) /Black=0.12 (very precise)} 1/2-1/2

[Event "Belarus-ch Women 2022"]
[Site "Minsk"]
[Date "2022.01.18"]
[Round "8.5"]
[White "Khomich, Maryna"]
[Black "Koishman, Karina"]
[Result "1-0"]
[WhiteElo "1627"]
[BlackElo "1359"]
[Annotator "NA RC"]
[PlyCount "105"]
[EventDate "2022.01.11"]
[EventType "tourn"]
[EventCountry "BLR"]
[SourceTitle "playchess.com"]
[Source "ChessBase"]
[SourceQuality "1"]
[TimeControl "40/5400+30:1800+30"]

1. Nf3 {[%emt 0:00:02]} Nf6 {[%emt 0:00:30]} 2. g3 {[%emt 0:00:12]} e6 {[%emt 0:00:17]} 3. Bg2 {[%emt 0:00:17]} d5 {[%emt 0:00:15]} 4. c4 {[%emt 0:00:45]} c5 {[%emt 0:02:01]} 5. O-O {[%emt 0:04:14]} Nc6 {[%emt 0:04:16]} 6. cxd5 {[%emt 0:00:26]} exd5 {[%emt 0:00:22]} 7. d4 {[%emt 0:00:19]} cxd4 {[%emt 0:01:17]} 8. Nxd4 {[%emt 0:00:15]} Be7 {[%emt 0:01:15]} 9. Nc3 {[%emt 0:04:39]} O-O {[%emt 0:03:46]} 10. Be3 {[%emt 0:06:32]} Re8 {[%emt 0:06:44]} 11. Qa4 {[%emt 0:05:43]} Be6 {[%emt 0:11:05]} 12. Nxc6 {[%emt 0:10:22]} bxc6 {[%emt 0:00:27]} 13. Qxc6 {[%emt 0:01:28]} Rc8 {[%emt 0:08:58]} 14. Qa6 {[%emt 0:01:13]} Rc4 {[%emt 0:07:18]} 15. Bxa7 {[%emt 0:10:53]} Bc8 {[%emt 0:09:00]} 16. Qb6 {[%emt 0:03:38]} Qd7 {[%emt 0:01:07]} 17. Qb5 {[%emt 0:14:45]} Qxb5 {[%emt 0:15:10]} 18. Nxb5 {[%emt 0:00:09]} Bd7 {[%emt 0:00:45]} 19. Nc3 {[%emt 0:03:45]} d4 {[%emt 0:05:00]} 20. Nd5 {[%emt 0:08:26]} Nxd5 {[%emt 0:03:58]} 21. Bxd5 {[%emt 0:00:05]} Rb4 {[%emt 0:01:12]} 22. b3 {[%emt 0:07:59]} Bf6 {[%emt 0:03:23]} 23. Rad1 {[%emt 0:00:52]} Bh3 {[%emt 0:05:24]} 24. Rfe1 {[%emt 0:05:54]} Rd8 {[%emt 0:03:21]} 25. Bg2 {[%emt 0:05:44]} Bxg2 {[%emt 0:02:15]} 26. Kxg2 {[%emt 0:00:02]} h6 {[%emt 0:00:47]} 27. Rd2 {[%emt 0:02:11]} Rb5 {[%emt 0:01:48]} 28. Rc1 {[%emt 0:01:01]} Rb7 {[%emt 0:02:15]} 29. Bc5 {[%emt 0:00:19]} Kh7 {[%emt 0:00:31]} 30. Rcd1 {[%emt 0:01:00]} Ra8 {[%emt 0:00:29]} 31. Rc2 {[%emt 0:01:15]} Rd7 {[%emt 0:00:26]} 32. a4 {[%emt 0:00:40]} Kg6 {[%emt 0:00:31]} 33. Rd3 {[%emt 0:00:29]} Kf5 {[%emt 0:00:31]} 34. Rcd2 {[%emt 0:00:51]} Rb7 {[%emt 0:00:29]} 35. Kf3 {[%emt 0:00:28]} g5 {[%emt 0:00:35]} 36. h3 {[%emt 0:00:23]} Be5 {[%emt 0:00:29]} 37. Ra2 {[%emt 0:00:34]} Ke6 {[%emt 0:00:29]} 38. a5 {[%emt 0:00:47]} f5 {[%emt 0:00:28]} 39. b4 {[%emt 0:00:36]} h5 {[%emt 0:00:18]} 40. Ra4 {[%emt 0:00:00]} g4+ {[%emt 0:00:00]} 41. Kg2 {[%emt 0:00:51]} h4 {[%emt 0:01:53]} 42. Bxd4 {[%emt 0:08:16]} Bd6 {[%emt 0:04:00]} 43. Bc5 {[%emt 0:07:02]} Be5 {[%emt 0:03:52]} 44. hxg4 {[%emt 0:03:09]} fxg4 {[%emt 0:01:06]} 45. gxh4 {[%emt 0:00:04]} Rh7 {[%emt 0:00:28]} 46. a6 {[%emt 0:03:08]} Rxh4 {[%emt 0:00:32]} 47. e3 {[%emt 0:00:17]} Rh2+ {[%emt 0:01:26]} 48. Kf1 {[%emt 0:00:05]} g3 {[%emt 0:00:11]} 49. fxg3 {[%emt 0:01:15]} Rah8 {[%emt 0:01:04]} 50. e4 {[%emt 0:01:40]} Rc2 {[%emt 0:01:33]} 51. a7 {[%emt 0:04:43]} Rhh2 {[%emt 0:03:02]} 52. Ra6+ {[%emt 0:01:30]} Bd6 {[%emt 0:01:47]} 53. Rdxd6+ {[%emt 0:00:10]} 1-0

[Event "Belarus-ch Women 2022"]
[Site "Minsk"]
[Date "2022.01.19"]
[Round "9.1"]
[White "Koishman, Karina"]
[Black "Sidorenja, Milena"]
[Result "1/2-1/2"]
[WhiteElo "1359"]
[BlackElo "1510"]
[Annotator "NA"]
[PlyCount "60"]
[EventDate "2022.01.11"]
[EventType "tourn"]
[EventCountry "BLR"]
[SourceTitle "playchess.com"]
[Source "ChessBase"]
[SourceQuality "1"]
[TimeControl "40/5400+30:1800+30"]

1. d4 {[%emt 0:00:02]} d5 {[%emt 0:00:07]} 2. Nc3 {[%emt 0:00:08]} f5 {[%emt 0:00:34]} 3. f3 {[%emt 0:00:15]} Nf6 {[%emt 0:00:27]} 4. Bg5 {[%emt 0:00:17]} e6 {[%emt 0:01:52]} 5. e4 {[%emt 0:00:21]} Be7 {[%emt 0:00:15]} 6. e5 {[%emt 0:00:11]} Nfd7 {[%emt 0:01:02]} 7. Bxe7 {[%emt 0:00:25]} Qxe7 {[%emt 0:00:10]} 8. f4 {[%emt 0:00:17]} O-O {[%emt 0:00:45]} 9. Nf3 {[%emt 0:01:42]} a6 {[%emt 0:02:42]} 10. Bd3 {[%emt 0:02:02]} c5 {[%emt 0:00:10]} 11. O-O {[%emt 0:01:16]} b5 {[%emt 0:03:39]} 12. a3 {[%emt 0:04:26]} Nc6 {[%emt 0:03:00]} 13. Qe1 {[%emt 0:05:17]} Bb7 {[%emt 0:01:54]} 14. Qg3 {[%emt 0:10:27]} Rac8 {[%emt 0:02:04]} 15. Qh3 {[%emt 0:03:15]} Nxd4 {[%emt 0:16:18]} 16. Nxd4 {[%emt 0:04:06]} cxd4 {[%emt 0:00:08]} 17. Ne2 {[%emt 0:00:15]} Nc5 {[%emt 0:00:09]} 18. Nxd4 {[%emt 0:02:51]} Nxd3 {[%emt 0:00:51]} 19. cxd3 {[%emt 0:04:00]} Qc5 {[%emt 0:00:35]} 20. Qe3 {[%emt 0:00:14]} g6 {[%emt 0:00:30]} 21. Rac1 {[%emt 0:00:30]} Qb6 {[%emt 0:00:30]} 22. Nxf5 {[%emt 0:00:30]} Qxe3+ {[%emt 0:00:30]} 23. Nxe3 {[%emt 0:00:30]} Rxc1 {[%emt 0:00:30]} 24. Rxc1 {[%emt 0:00:30]} Rxf4 {[%emt 0:00:30]} 25. Rc7 {[%emt 0:00:30]} Rf7 {[%emt 0:00:30]} 26. Rxf7 {[%emt 0:00:30]} Kxf7 {[%emt 0:00:30]} 27. d4 {[%emt 0:00:30]} h5 {[%emt 0:00:30]} 28. h4 {[%emt 0:00:30]} g5 {[%emt 0:00:30]} 29. g3 {[%emt 0:00:30]} Kg6 {[%emt 0:09:10]} 30. b4 {[%emt 0:05:30]} Bc6 {[%emt 0:00:15]} 1/2-1/2

[Event "Belarus-ch Women 2022"]
[Site "Minsk"]
[Date "2022.01.19"]
[Round "9.2"]
[White "Poliakova, Varvara"]
[Black "Khomich, Maryna"]
[Result "1-0"]
[WhiteElo "2116"]
[BlackElo "1627"]
[Annotator "ChessBase"]
[PlyCount "47"]
[EventDate "2022.01.11"]
[EventType "tourn"]
[EventCountry "BLR"]
[SourceTitle "playchess.com"]
[Source "ChessBase"]
[SourceQuality "1"]
[TimeControl "40/5400+30:1800+30"]

1. e4 {[%emt 0:00:02]} c6 {[%emt 0:00:06]} 2. d4 {[%emt 0:00:03]} d5 {[%emt 0:00:06]} 3. Nd2 {[%emt 0:00:03]} dxe4 {[%emt 0:00:10]} 4. Nxe4 {[%emt 0:00:07]} Bf5 {[%emt 0:00:08]} 5. Ng3 {[%emt 0:00:03]} Bg6 {[%emt 0:00:08]} 6. h4 {[%emt 0:00:13]} h6 {[%emt 0:00:11]} 7. Nh3 {[%emt 0:00:29]} e6 {[%emt 0:00:45]} 8. Nf4 {[%emt 0:01:12]} Bh7 {[%emt 0:00:13]} 9. c3 {[%emt 0:00:43]} Nf6 {[%emt 0:01:03]} 10. Bd3 {[%emt 0:00:43]} Bxd3 {[%emt 0:00:25]} 11. Qxd3 {[%emt 0:00:06]} Nbd7 {[%emt 0:02:56]} 12. O-O {[%emt 0:03:21]} Bd6 {[%emt 0:09:42]} 13. Re1 {[%emt 0:06:54]} O-O {[%emt 0:02:20]} 14. Qf3 {[%emt 0:01:56]} Nd5 {[%emt 0:02:33]} 15. Nfh5 {[%emt 0:07:56]} N5f6 {[%emt 0:21:19]} 16. Ne4 {[%emt 0:04:39]} Be7 {[%emt 0:00:53]} 17. Nexf6+ {[%emt 0:11:36]} Nxf6 {[%emt 0:00:14]} 18. Bxh6 {[%emt 0:02:39]} Nxh5 {[%emt 0:03:11]} 19. Qxh5 {[%emt 0:00:19]} Bxh4 {[%emt 0:12:27]} 20. Re4 {[%emt 0:02:59]} Bf6 {[%emt 0:01:29]} 21. Rg4 {[%emt 0:00:11]} Qd5 {[%emt 0:07:17]} 22. Rxg7+ {[%emt 0:01:26]} Kh8 {[%emt 0:01:11]} 23. Bg5+ {[%emt 0:00:17]} Kxg7 {[%emt 0:02:18]} 24. Qh6+ {[%emt 0:00:02]} 1-0